000 04295 am a2201081 a 4500
005 20240524082750.0
008 100310s2010||||ag a f |||| 001 0 spa d
020 _a9789500619011
041 _aspa
092 _c617.3
_l79
_sSIL
100 1 _aSilberman, Fernando S.
_9570
245 _aOrtopedia y Traumatología /
_cFernando S. Silberman
250 _a3a ed.
260 _aBuenos Aires:
_bEditorial Médica Panamericana;
_c2010.
300 _a480 p.
_bil.
_c28x20 cm.
500 _aSilberman, F. S. y Varaona, O. (2010). Ortopedia y Traumatología. (3a ed.). Buenos Aires : Editorial Médica Panamericana.
590 _aCompra 2009
653 _aConceptos básicos en ortopedia y traumatología
653 _aBiología del tejido óseo y crecimiento óseo
653 _aDiagnóstico por imágenes
653 _aCirugía artroscópica
653 _aSemiologia de la columna vertebral
653 _aEscoliosis y cifosis
653 _aCifosis
653 _aTortícolis congénito. Enfermedad de Sprengel
653 _aCervicalgias y cervicobraquialgias
653 _aLumbalgias y lumbociáticas
653 _aSemiología del miembro superior
653 _aTraumatismos obstétricos
653 _aMalformaciones congénitos del miembro supeiror y de la mano
653 _aSíndrome del túnel carpiano, de compresión cubital a nivel del codo y del canal de Guyon y enfermedad de Dupuytren
653 _aLesiones tendinosas de la mano
653 _aLesiones nerviosas traumáticas
653 _aElectromiografía
653 _aSemiología de los miembros inferiores
653 _aArtrosis de cadera
653 _aNecrosis avascular de la cabeza femoral y semiología de la cadera en niños y adolescentes
653 _aLuxación congénita de cadera
653 _aEnfermedad de Perthes
653 _aEpifisiólisis de cadera
653 _aCirugía de la artrosis de rodilla
653 _aRótula luxable
653 _aAfecciones ortopédicas del pie
653 _aPie equinovaro congénito
653 _aMetatarso varo. Pie talo valgo. Astrágalo vertical
653 _aOsteomielitis y micosis óseas
653 _aTuberculosis osteoarticular
653 _aArtritis séptica
653 _aOsteocondropatías
653 _aTumores óseos primarios
653 _aMetástasis óseas
653 _aTumores de partes blandas
653 _aLesiones óseas seudotumorales
653 _aOsteopatías. Hemofilia
653 _aBiopsia en ortopedia
653 _aBanco de huesos
653 _aArtritis reumatoidea
653 _aNociones de neuroortopedia
653 _aMielomeningocele
653 _aParálisis cerebral y poliomielitis aguda
653 _aResponsabilidad profesional médico en ortopedia y traumatología y aspectos preventivos en el accionar médico
653 _aGeneralidades en traumatología
653 _aFracturas expuestos y lesiones graves de los miembros. Infecciones anaerobias y gangrena gaseosa
653 _aSíndromes compartimentales
653 _aPolitraumatismos
653 _aHeridas de guerra
653 _aFracturas y luxaciones de la columna vertebral
653 _aLesiones medulares traumáticas
653 _aTraumatismos torácicos
653 _aFracturas y luxaciones del hombro
653 _aFracturas de la diáfisis humeral
653 _aLesiones tramáticas del codo
653 _aLesiones traumáticas del antebrazo
653 _aLesiones traumáticas de la muñeca
653 _aFracturas y luxaciones de la mano
653 _aFracturas en general de la pelvis
653 _aFracturas del acetábulo
653 _aFracturas del extremo superior del fémur
653 _aFracturas de la diáfisis femoral y lesiones osteotendinosas de la rodilla
653 _aLesiones ligamentarias y meniscales de la rodilla
653 _aFracturas de la pierna
653 _aFracturas del tobillo
653 _aLesiones traumáticas del pie
653 _aTipos de inmovilización
653 _aFijación externa
653 _aBiomateriales
653 _aInfección de implantes
653 _aNociones de cirugía reparadora
653 _aOsteosíntesis
700 1 _aVaraona, Oscar.
_9571
930 _a2082
942 _2ddc
_cBK
999 _c67
_d67